00577nam a2200193 a 4500001001300000003000900013005001700022008004100039020001000080082001500090100003500105245004500140260005600185300000900241500003500250650002500285700003800310700003500348nice12345678IN_TiNIC20260116014312.0070402s2006 soua grp 000 0 eng  ac15000a297.5bISK aIskandari, Shayks Ibn Ataullah aIkhmaalush Shiyumb Perfection of Morals aSouth Africa bYoung Mens Muslim Association c2006 a352p aincludes index and biblioraphy aIslam-Moral Theology1 aShaykh, Muhammad Abdullah Gangoli1 aMujlisul Ulama Of South Africa